[Event "Corus"]
[Site "Wijk aan Zee"]
[Date "2009.01.31"]
[Round "12"]
[White "Movsesian, Sergei"]
[Black "Radjabov, Teimour"]
[Result "1/2-1/2"]
[WhiteElo "2751"]
[BlackElo "2761"]
[Annotator "CB"]
[PlyCount "53"]
[EventDate "2009.01.17"]
[EventType "tourn"]
[EventRounds "13"]
[EventCountry "NED"]
[EventCategory "19"]
[SourceTitle "CBM 129"]
[Source "ChessBase"]
[SourceDate "2009.03.25"]
[SourceVersion "1"]
[SourceVersionDate "2009.03.25"]
[SourceQuality "1"]
[TimeControl "7200"]

1. e4 c5 2. Nf3 Nc6 3. Bb5 e6 (3... g6 {is more popular.}) 4. O-O Nge7 {
The classical idea - Black is ready to replace on knight on c6 with the other.
But White does not want to exchange on c6 too early, and before Black has
spent a tempo on a7-a6.} 5. Nc3 ({Going for quick development. He could also
prepare a retreat for the bishop by 5.Re1. In Adams-Radjabov, Dresden Olympiad
2008, White tried} 5. b3 Nd4 6. Nxd4 cxd4 7. Ba3 {'!?'} a6 8. Bd3 d6 9. c3 dxc3
10. Nxc3 Nc6 11. Ne2 Be7 12. Bc2 d5 13. Bxe7 Nxe7 14. d4 Bd7 15. Nf4 dxe4 16.
Bxe4 Bc6 {and Black had equalised.}) 5... Nd4 ({In the event of} 5... a6 {
White can open the centre by} 6. Bxc6 Nxc6 7. d4 cxd4 8. Nxd4 {for example,}
Qc7 9. Re1 Bd6 10. Nxc6 dxc6 11. f4 e5 12. f5 Qe7 13. a4 a5 14. Be3 O-O 15. Qd2
Bc5 16. Rad1 {with some advantage to White (Lahno-Cmilyte Plovdiv 2008)}) 6.
Nxd4 cxd4 7. Ne2 {The pawn on d4 is cut off from its base. Defending it by
e6-e5 is unfavourable, since this gives White new objects of attack and
weakens the light squares.} a6 ({A useful interpolation. In
Rublevsky-PengXiang, Poikovsky 2007, after} 7... Nc6 8. c3 Bc5 9. b4 Bb6 10. a4
a6 11. Bxc6 {'!'} dxc6 12. a5 Ba7 13. cxd4 Bxd4 14. Nxd4 Qxd4 15. Qc2 {'!'}
Qxa1 16. Bb2 Qxf1+ 17. Kxf1 O-O 18. g4 $1 {an unusual aterial balance arose.
The white queen turned out to be stronger and more effective than the passive
black rooks.}) 8. Ba4 Nc6 {Now taking on c6 is psychologically very difficult,
after a tempo has already been spent retreating the bishop to a4.} 9. d3 ({
After} 9. Bxc6 dxc6 {the queen takes over from the knight, as defender of the
d4 pawn.}) ({whilst} 9. c3 {is not good without the bishop on b5, because of}
d3 10. Nf4 b5 11. Bb3 Ne5) 9... b5 ({After} 9... Bc5 {in the game
Sutovsky-Nataf, Esbjerg 2001, White managed to overcome his psychological
resistance:} 10. Bxc6 {'!?'} dxc6 11. Ng3 h5 (11... Bd6 $142 $1 {'!'}) 12. e5 {
'!'} Qd5 13. Re1 Bb4 14. Re4 g6 15. Ne2 {'!'} Bc5 16. h4 b5 17. Bg5 {and
developed a strong initiative on the dark squares.}) 10. Bb3 Bc5 {Now the pawn
on d4 is defended very solidly, but it no longer interests White.} 11. f4 {
A natural and strong attacking plan. White has a nice space advantage on the
kingside, by occupying which, he comes nearer to the black king.} Qh4 {A sharp
reaction. The black king stays in the centre. In some circumstances, this can
be so for a long time. But then it can flee to whichever wing it feels safest
on.} ({How dangerous White's attack can be was shown by the following game:} 
11... g6 12. f5 $1 Bb7 13. Nf4 Na5 14. Qg4 Nxb3 15. axb3 Qc7 16. Qh4 {'!'} Be7
17. f6 Bd6 18. Nxg6 {'!!'} Rg8 (18... fxg6 19. f7+ Kf8 20. Bh6# {'!'}) 19. Ne7
Bxe7 20. fxe7 Qe5 21. Qxh7 Qg7 22. Qxg7 Rxg7 23. Bf4 {and White realised her
advantage without difficulty (Kovalevskaya-Cmilyte Halle 2000)}) {A modest
development, but maybe the prelude to aggression. Also a novelty!} 12. Bd2 ({
The source game went} 12. Ng3 Bb7 13. Qh5 Be7 14. f5 g6 15. Qxh4 Bxh4 16. Bh6 (
{Stronger is} 16. fxe6 $1 dxe6 17. Bh6 {with some chances of success.}) 16...
Bxg3 17. hxg3 gxf5 {'!'} 18. exf5 Rg8 19. fxe6 dxe6 20. Bf4 O-O-O {and Black
achieved a full equal game Westerinen-Gausel, Gentofte 1999 1999.}) 12... Bb7 {
As predicted, Black opens a path for His Majesty in both directions.} 13. Kh1 {
With his typical modest approach, Movsesian shows his opponent that he is not
ready to attack, but simply strengthens his position and waits. In Radjabov's
shoes, I would not be fooled. The move Kh1 is certainly prophylactic. The
x-ray from the bishop on c5 is not pleasant, and he can never play c2-c3
without moving the king into the corner first. On the other hand, White also
obtains a new route for activating his knight: Ne2-g1-f3! Then the enemy queen
on h4 proves awkwardly placed, and must lose a tempo.} ({It is interesting to
analyze the sharp} 13. f5 {'!?'} Bd6 $1 (13... Ne5 14. Rf4 Qh5 15. Qe1 {
is very dangerous}) 14. Nf4 g6 15. g3 Qe7 $1 (15... Qd8 {allows} 16. fxe6 dxe6
17. Nh5 $1 {with the idea of} gxh5 18. Rxf7 $1 Kxf7 19. Qxh5+) 16. Nh3 {
with the idea of activating the bishop on d2.}) 13... Qe7 {If you cann ot see
a good decision, the best thing is to defer it. Wait and see...} 14. Qe1 ({
The war of nerves continues. I am a simlpe and straightforward fellow, so I
again looked at the direct} 14. f5 Bd6 15. Nf4 g6 16. Nh3 {'!'} gxf5 17. exf5
Ne5 18. Qh5 Rg8 19. Ng5 O-O-O 20. Rae1 {and despite the weakness of g2 (which
must never be forgotten), White's chances are better. After} h6 {there follows}
21. Ne4 $1) 14... g6 15. c3 {An important decision on principle. Sergey keeps
the move f4-f5 as a threat, which is stronger than its execution. The clasical
principle, of psychological pressure on the opponent! With the text move,
White opens the centre and creates pressure on the dark squares.} dxc3 ({
He cannot keep the tension for long anyway. On} 15... Rc8 {there follows} 16.
Rc1 {'!'}) 16. Bxc3 Bb4 ({Teimour seeks peace in exchanges. A sensible
decision. After} 16... O-O 17. f5 {the threats grow. '!'}) 17. d4 ({I think
Sergey avoided the continuation} 17. f5 $1 gxf5 18. exf5 {purely out of
general considerations, not wanting to expose the square g2. However, in my
analysis, White's trumps appear to outweigh Black's. For example} Rg8 ({on} 
18... h5 {there is the strong} 19. Nf4 {with the idea of} Rg8 20. Qe2 h4 21.
fxe6 dxe6 22. Nxe6 $1 fxe6 23. Bxe6 {with a fierce attack}) 19. Ng3 O-O-O 20.
a4 h5 21. axb5 axb5 22. Ne4 $1 ({too slow is} 22. Qe2 h4 23. Ne4 h3 $1 24. g3
Bxc3 25. bxc3 d5 26. f6 Qf8 27. Nf2 d4 $1 {etc}) 22... d5 23. Nf6 Rxg2 $1 (
23... Bxc3 24. Nxg8 $1) 24. Kxg2 Bxc3 25. bxc3 (25. Qxc3 d4) 25... Qxf6 26. d4
e5 27. Rd1 $1 {- White keeps the bishop on b7 under wraps and guarantees
himself a comfortable advantage.}) 17... Bxc3 18. Qxc3 ({The reply} 18. bxc3 {
leads to the creation of a weak pawn on c3, although it would not be easy for
Black to exploit this, given White's active pieces and Black's exposed king.
He risks not surviving to an ending.}) 18... Qb4 19. Qe3 Na5 20. d5 ({Stronger
seems} 20. f5 $1 {eg} gxf5 21. exf5 Rg8 22. Rf2 {and on} O-O-O {there is the
interesting retort} 23. d5 $1 {as a result of which Black is practically
forced to take on d5 with the pawn. He cannot keep his bishop alive because of}
Nxb3 24. axb3 Bxd5 $2 25. Qa7 $1 {followed by a rook check on c1.}) 20... O-O
21. Rad1 ({At the moment,} 21. f5 exf5 22. exf5 Rfe8 $1 {is premature, since
there is no attack with} 23. Qh6 $2 Rxe2 24. f6 {because of} Qf8 $1) 21... Rae8
({On} 21... exd5 {I regarded as promising the line} 22. Rd4 $5 Nc4 (22... Qe7
23. Bxd5 $1) 23. Bxc4 dxc4 24. f5 $1) ({But I have not managed to refute} 21...
Nxb3 $5 22. axb3 exd5) 22. Ng3 ({The artificial} 22. Rd4 Qc5 23. f5 exf5 24.
Rxf5 {does not even give White perpetual check:} Nxb3 25. axb3 f6 $1 {and only
Black will be able to attack now.}) 22... Nxb3 ({In the variation} 22... Nc4 {
White can change direction:} 23. Qa7 $1) 23. axb3 f5 24. Qa7 {The survival
instinct overcomes everything.} Bc8 ({White wins in embarassingly simple
fashion after} 24... Ba8 $2 {-} 25. dxe6 dxe6 26. Rd7 $1) 25. Qe3 Bb7 ({
White obtains a strong initiative after} 25... fxe4 26. Rd4 $1 Qe7 27. dxe6
dxe6 28. Rxe4) ({и} 25... exd5 26. Rxd5 fxe4 27. Rc1 $1) 26. Qa7 Bc8 27. Qe3
1/2-1/2

[Event "Corus"]
[Site "Wijk aan Zee"]
[Date "2009.02.01"]
[Round "13"]
[White "Radjabov, Teimour"]
[Black "Stellwagen, Daniel"]
[Result "1/2-1/2"]
[WhiteElo "2761"]
[BlackElo "2612"]
[PlyCount "47"]
[EventDate "2009.01.17"]
[EventType "tourn"]
[EventRounds "13"]
[EventCountry "NED"]
[EventCategory "19"]
[SourceTitle "CBM 129"]
[Source "ChessBase"]
[SourceDate "2009.03.25"]
[SourceVersion "1"]
[SourceVersionDate "2009.03.25"]
[SourceQuality "1"]

1. e4 c5 2. Nf3 e6 3. d4 cxd4 4. Nxd4 Nc6 5. Nc3 d6 6. Be2 Nf6 7. O-O Be7 8.
Be3 O-O 9. Nb3 a6 10. a4 b6 11. f4 Qc7 12. Bf3 Bb7 13. Qe2 Rfe8 14. Rad1 Bf8
15. Qf2 Nd7 16. Kh1 Rab8 17. Nc1 {Was Radjabov mit diesem Springer anstellt,
ist alles andere als überzeugend.} Ba8 18. Qe2 Qc8 19. N1a2 $6 Nf6 20. Nc1 e5
21. Qf2 b5 22. axb5 axb5 23. Nd3 $6 b4 $15 24. fxe5 (24. Nd5 Nxd5 25. exd5 e4
$1 26. Bxe4 (26. dxc6 exf3 27. Qxf3 Bxc6 $15) 26... Rxe4 27. dxc6 Qxc6 $15)
1/2-1/2

[Event "Linares 26th"]
[Site "Linares"]
[Date "2009.02.20"]
[Round "2"]
[White "Radjabov, Teimour"]
[Black "Ivanchuk, Vassily"]
[Result "1/2-1/2"]
[WhiteElo "2761"]
[BlackElo "2779"]
[Annotator "CB"]
[PlyCount "84"]
[EventDate "2009.02.19"]
[EventType "tourn"]
[EventRounds "14"]
[EventCountry "ESP"]
[EventCategory "21"]
[SourceTitle "CBM 129"]
[Source "ChessBase"]
[SourceDate "2009.03.25"]
[SourceVersion "1"]
[SourceVersionDate "2009.03.25"]
[SourceQuality "1"]

1. d4 Nf6 2. c4 g6 3. Nc3 Bg7 4. e4 O-O 5. Nf3 d6 6. Be2 e5 7. O-O Na6 8. Re1
c6 9. Bf1 exd4 10. Nxd4 Qb6 11. h3 Ng4 12. hxg4 Qxd4 13. Qxd4 Bxd4 {#} 14. Rd1
{A novelty, which failed to impress.} (14. g5) 14... Bxc3 $1 15. bxc3 Bxg4 16.
f3 Be6 17. Bf4 Rfd8 18. Bxd6 b6 19. a4 Nc5 20. Bxc5 (20. a5 {runs into} Nb3 {
and White must continue} 21. axb6 Nxa1 22. b7 Rab8 23. Bxb8 Rxb8 24. Rxa1 Rxb7
{where there is not even a shadow of advantage.}) 20... bxc5 21. Rxd8+ Rxd8 22.
Rb1 Kg7 23. a5 (23. Rb7 Rd7 $11) 23... Rd2 24. Rb7 a6 25. Rb6 Ra2 26. Rxc6 (26.
Rxa6 $4 Ra1 27. Kf2 Rxf1+ 28. Kxf1 Bxc4+ {and Black wins}) 26... Rxa5 27. f4
Kf8 28. Bd3 Ke7 29. f5 gxf5 30. exf5 Bd7 31. Rb6 f6 32. g4 h6 33. Be4 Ra4 34.
Bd5 a5 35. Kf2 Ra3 36. Be6 Bxe6 37. Rxe6+ Kf7 38. Rc6 Rxc3 39. Rxc5 a4 40. Rc7+
Kg8 41. c5 a3 42. Ra7 h5 1/2-1/2

[Event "Linares 26th"]
[Site "Linares"]
[Date "2009.02.21"]
[Round "3"]
[White "Aronian, Levon"]
[Black "Radjabov, Teimour"]
[Result "1/2-1/2"]
[WhiteElo "2750"]
[BlackElo "2761"]
[Annotator "CB"]
[PlyCount "84"]
[EventDate "2009.02.19"]
[EventType "tourn"]
[EventRounds "14"]
[EventCountry "ESP"]
[EventCategory "21"]
[SourceTitle "CBM 129"]
[Source "ChessBase"]
[SourceDate "2009.03.25"]
[SourceVersion "1"]
[SourceVersionDate "2009.03.25"]
[SourceQuality "1"]

1. d4 Nf6 2. c4 g6 3. Nc3 Bg7 4. Nf3 O-O 5. g3 {The fianchetto system is one
of the most solid ways to meet King's Indian.} c6 {Radjabov prepares the
advance d5, which would transpose into the Gruenfeld Defence.} 6. e4 $5 {
A somewhat unexpected decision. It turns out that Aronian is looking for more
than fight for a slight edge in the position arising after 6.Bg2 d5 7.cxd5
cxd5.} d5 7. cxd5 cxd5 8. e5 Ne4 9. Bg2 Nc6 10. O-O Bg4 11. h3 Bxf3 12. Bxf3
Rc8 {#} 13. h4 {This is a standard advance in such structures. White gains
more space on the kingside and might launch an attack later on. Black is
usually looking for counterplay on the opposite side. However, there is
another idea behind the advance of the h-pawn. Somitemes Black can fight for
the supremacy in the center by means of f7-f6. In that case the advance of the
h-pawn will weaken the pawn g6, discouraging Black from the mentioned plan in
the center. Although Black has no weaknesses, White's chances are slightly
preferable first of all thanks to his space advantage.} (13. Nxe4 dxe4 14. Bxe4
Qxd4 15. Bxc6 ({or} 15. Qxd4 Nxd4 16. Bxb7 Rb8 {followed by 17...Bxe5}) 15...
Qxd1 16. Rxd1 Rxc6 {is equal}) 13... Qa5 {By increasing pressure on c3
Radjabov tries to force his opponent to take on e4, which would open for Black
the d-file and considerably increase the influence of his bishop on the long
diagonal.} ({The standard method} 13... Nxc3 14. bxc3 Na5 15. Qd3 {doesn't
fully solve Black's problems: White easily protects his only weakness on c3
and can concentrate on developing the attack on the kingside.}) 14. Qd3 (14.
Nxe4 dxe4 15. Bxe4 {would be a mistake. After} Rfd8 {Black will retain the
pawn in a favourable situation - all his pieces will remain active.}) 14...
Rfd8 15. Be3 {A clever move, provoking the following answer.} ({The tactics} 
15. Nxd5 {doesn't work:} Rxd5 16. Bxe4 Rxd4 {and White will remain with a pawn
down.}) 15... Nb4 {This leads Black nowhere, but it was not easy to create
counterplay anyway.} (15... f6 16. exf6) 16. Qe2 Nxc3 17. bxc3 {#} Nc6 ({
It turns out that after} 17... Rxc3 18. Bd2 {Black must sacrifice the exchange
and although this is quite interesting, it is insufficient to equalise:} Nc6 (
18... Ra3 $2 19. Rfb1 Ra4 20. a3 {loses a piece}) 19. Bxc3 Qxc3 20. Rac1 $1 Qa3
({worse is} 20... Qxd4 21. Rfd1 Qxe5 22. Qxe5 Bxe5 23. Bxd5 {with a difficult
endgame for Black}) 21. Rcd1 e6 22. Rd3 Qa4 23. Qd2 {and White is better}) 18.
Rfc1 {A rather surprising decision to play on the queenside. In the end it
will only lead to massive exchanges and a draw.} ({Stronger looks the typical} 
18. Rac1 {with the idea to use the other rook on the h-file after Kg2 and
h4-h5.}) 18... e6 19. c4 Qb6 $1 {Radjabov points out the drawback of White's
plan: the weakness of pawn d4.} ({In case of} 19... dxc4 20. Rxc4 {Aronian's
idea would have worked out: his light-squared bishop would have been very
strong.}) 20. c5 (20. cxd5 Nxd4 {brings White nothing}) 20... Qa5 {Black has
little to complain that the pawn moved from c3 to c5 - on c5 it only helps
Black to exchange it by means of b7-b6 and also open more files.} 21. Rab1 b6
22. h5 {Well, now this doesn't really look like an attempt to attack. Black
has already sufficient counterplay.} Qa4 {Again pointing out the main drawback
of the advance of the c-pawn.} 23. Qb5 Qxb5 24. Rxb5 Bf8 25. cxb6 axb6 26. Rcb1
(26. Rxb6 {runs into} Nxd4 $1 {and it is White who must be careful to achieve
a draw.}) 26... Ne7 $1 27. hxg6 hxg6 28. g4 (28. Rxb6 Nf5 {allows Black
sufficient activity.}) 28... Ra8 29. R1b2 Nc8 {# Right in time. Radjabov
protected well his only weakness and White's advantage has only a symbolic
character.} 30. Bd1 ({Perhaps} 30. Rc2 {would have required from Black more
accuracy.}) 30... Rd7 31. a4 Rc7 32. f4 Rc3 {After activating the rook Black
has little to fear.} 33. Kf2 Ra7 34. Rc2 Rxc2+ 35. Bxc2 Rc7 36. Bd1 Rc4 37. Ke2
Rb4 38. Rxb4 Bxb4 39. Bc2 Ne7 40. Bd3 Nc6 41. Bb5 Na7 42. Ba6 Nc6 1/2-1/2

[Event "Linares 26th"]
[Site "Linares"]
[Date "2009.02.22"]
[Round "4"]
[White "Radjabov, Teimour"]
[Black "Grischuk, Alexander"]
[Result "0-1"]
[WhiteElo "2761"]
[BlackElo "2733"]
[Annotator "Krasenkow,M"]
[PlyCount "81"]
[EventDate "2009.02.19"]
[EventType "tourn"]
[EventRounds "14"]
[EventCountry "ESP"]
[EventCategory "21"]
[SourceTitle "CBM 129"]
[Source "ChessBase"]
[SourceDate "2009.03.25"]
[SourceVersion "1"]
[SourceVersionDate "2009.03.25"]
[SourceQuality "1"]

1. d4 Nf6 2. c4 e6 3. Nf3 b6 4. g3 Bb7 5. Bg2 Be7 6. d5 {[%mdl 512]} exd5 7.
Nh4 {An unusual version of this well-known pawn sacrifice (normally castling
by both sides is included).} c6 (7... Bb4+ 8. Nd2 c6 9. cxd5 Nxd5 10. O-O Nc7
11. Nf5 Ne6 12. e4 g6 13. Nh6 Bf8 14. Nc4 Ba6 15. Qf3 f6 16. b3 $36 {1-0
Aslanian,L-Liublinskaya,L/Krasnoyarsk 1981/EXT 2002 (27)}) (7... Ne4 $5 8. cxd5
Bxh4 9. gxh4 (9. Bxe4 $5) 9... Qe7 10. Qd4 f5 11. Bg5 $5 Nxg5 12. d6 Bxg2 13.
dxe7 Ne6 14. Qe3 $6 (14. Qd2 Bxh1 15. f3 $13) 14... Bxh1 $6 (14... f4 15. Qd2
Bxh1 16. f3 Bg2 $17 {[%cal Yg2h3]}) 15. f3 Nc6 16. Nc3 f4 17. Qg1 Bxf3 18. exf3
Nxe7 19. O-O-O O-O-O $15 {0-1 Blechzin,I (2400)-Grishanovich,S (2295)/St
Petersburg 1998/EXT 1999 (29)}) 8. cxd5 Nxd5 9. Nf5 O-O 10. e4 Nc7 11. Bf4 (11.
O-O {leads to the main theoretical line.}) 11... d5 12. Qg4 Ne6 13. Nc3 Kh8 (
13... g6 $5) 14. Be5 $6 (14. O-O-O {was probably more accurate. E.g.} Nd7 15.
exd5 cxd5 16. Nxd5 Bxd5 17. Bxd5 Rc8+ 18. Kb1 Nf6 19. Qf3 Nxf4 20. gxf4 Qc7 $13
) 14... Bf6 15. Bxf6 Qxf6 16. O-O-O $6 (16. exd5 $142 Nc5 $1 (16... cxd5 17.
O-O-O) 17. O-O-O Bc8 18. Qxg7+ $5 Qxg7 19. Nxg7 Nba6 $1 (19... Kxg7 $143 20. b4
) 20. Nh5 (20. dxc6 Kxg7) 20... Bg4 21. Nf4 Bxd1 22. Rxd1 $44) 16... Nd7 $6 (
16... g6 $1 17. Nd6 d4 $1 $17 {A.Sayapin}) 17. f4 Ndc5 18. e5 $2 {This doesn't
give White sufficient compensation for the pawn. He should have taken the last
opportunity to recapture it:} (18. exd5 $142 cxd5 19. Bxd5 $14 {A.Sayapin})
18... Qg6 19. Qh3 (19. Qxg6 hxg6 20. Nd6 Ba6 $17 {[%cal Yc5b7]}) 19... f6 20.
Nh4 Qh6 21. Nf3 {Sad necessity. In the endgame Black gradually brings home his
extra pawn.} (21. exf6 Qxf6 {is equally hopeless.}) 21... Qxh3 (21... Nxf4 $5
22. gxf4 (22. Qxh6 Nfd3+ 23. Rxd3 Nxd3+ 24. Kd2 gxh6 25. Kxd3 fxe5 $19) 22...
Qxf4+ 23. Kb1 fxe5 $17 {M.Notkin}) 22. Bxh3 Nc7 (22... a5 $5 {A.Sayapin} 23. f5
$140 fxe5) 23. b4 N5a6 24. b5 cxb5 25. Rhe1 b4 26. Ne2 Bc8 27. Bg2 Bf5 28. Nfd4
fxe5 29. fxe5 Be4 30. Bxe4 dxe4 31. Nf4 Nc5 32. h4 Rae8 33. e6 a5 34. Kb1 N7xe6
35. Ndxe6 Nxe6 36. Nd5 Nc5 37. Nxb6 h6 38. Nc4 Rf2 39. Rd5 Na4 40. Rxa5 Nc3+
41. Ka1 (41. Ka1 Rd8 {[%cal Rd8d4]}) 0-1